Statistics for Songs That Never Passed Their Debut Position (Billboard Hot 100) [2011]

Click here to take the quiz!

General Stats

  • This quiz has been taken 3 times
  • The average score is 9 of 243

Answer Stats

MonthPeakArtist(s)Song% Correct
#36will.i.am ft. Mick Jagger & Jennifer LopezT.H.E. (The Hardest Ever)
100%
January#9Lil Wayne ft. Cory Gunz6 Foot 7 Foot
33%
#99Michael BubleAll I Want for Christmas is You
33%
#86Justin Bieber & Mariah CareyAll I Want For Christmas Is You (SuperFestive!)
33%
#88Bridgit Mindler, Adam Hicks, Naomi Scott & Hayley KiyokoBreakthrough
33%
#100Miranda CosgroveDancing Crazy
33%
#87JoJoDisaster
33%
#97Ke$ha**** Him He's A DJ
33%
#663OH!3Hit It Again
33%
#30The Lonely Island ft. AkonI Just Had Sex
33%
November#11Justin BieberMistletoe
33%
#36ParamoreMonster
33%
#100Mariah CareyOh Santa!
33%
#29Glee Cast ft. Jonathan GroffRolling in the Deep
33%
#64Nicki MinajRoman in Moscow
33%
December#11Glee CastRumour Has It / Someone Like You
33%
#49Glee CastSing
33%
#89Bridgit MindlerSomebody
33%
#82The Lonely Island ft. Nicki MinajThe Creep
33%
#61Glee CastTik Tok
33%
#66Glee Cast ft. Gwyneth PaltrowTurning Tables
33%
#63AdeleTurning Tables
33%
#9R. KellyWhen A Woman Loves
33%
#14David Guetta ft. Flo Rida & Nicki MinajWhere Them Girls At
33%
#97Romeo SantosYou
33%
#68Birdman ft. Nicki Minaj & Lil WayneY.U. Mad
33%
#57Beyonce1+1
0%
#99Willow Smith21st Century Girl
0%
#61Rick Ross ft. Lil Wayne or T.I.9 Piece
0%
#88Glee CastABC
0%
#78Vicci MartinezAfraid to Sleep
0%
#88Blink-182After Midnight
0%
#87Glee CastAll By Myself
0%
#81Wale ft. Meek Mill & Rick RossAmbition
0%
July#64Javier ColonAngel
0%
#62Glee CastAnimal
0%
#94Christina PerriArms
0%
#80Glee CastAs If We Ever Said Goodbye
0%
#93Glee CastAs Long As You're There
0%
March#47Glee CastBaby
0%
#82Glee CastBack to Black
0%
#57Young Jeezy ft. Lil WayneBallin'
0%
#94Selena Gomez & The SceneBang Bang Bang
0%
#48T-Pain ft. Lil WayneBang Bang Pow Pow
0%
#89Duck SauceBarbara Streisand
0%
#74Christina Aguilera & Beverly McClellanBeautiful
0%
#70Lupe Fiasco ft. MDMABeautiful Lasers (2 Ways)
0%
#43Chris Brown ft. Benny BenassiBeautiful People
0%
#33T-Pain ft. Chris BrownBest Love Song
0%
#79Big Time RushBig Night
0%
#37Glee CastBlackbird
0%
#90Casey WestonBlack Horse and the Cherry Tree
0%
#55Glee CastBlame It (On The Alcohol)
0%
#33Lil WayneBlunt Blowin
0%
#87Tony Bennett & Amy WinehouseBody and Soul
0%
#76Snoop Dogg ft. T-PainBoom
0%
#44T-Pain ft. Joey GalaxyBooty Wurk (One Cheek at a Time)
0%
#44Glee CastBorn This Way
0%
#74Justin BieberBorn To Be Somebody
0%
#71Glee CastCandles
0%
#97Rej3ctzCat Daddy
0%
#58Justin Bieber ft. UsherChristmas Song (Chestnuts Roasting on an Open Fire)
0%
#99Thirty Seconds to MarsCloser to the Edge
0%
#82Faith HillCome Home
0%
#89Glee CastConstant Craving
0%
May#22Luke BryanCountry Girl (Shake It For Me)
0%
#81Gwyeth PaltrowCountry Strong
0%
#41DaughtryCrawling Back to You
0%
#74Glee CastDancing Queen
0%
#82Don Omar & LucenzoDanza Kaduro
0%
#18Enrique Iglesias with Usher ft. Lil WayneDirty Dancer
0%
#68Vicci MartinezDog Days Are Over
0%
#86Nicole ScherzingerDon't Hold Your Breath
0%
#79Glee CastDon't Stop
0%
#49Glee CastDon't You Want Me
0%
#92Glee CastDo They Know It's Christmas?
0%
#57Glee Cast ft. Gwyneth PaltrowDo You Wanna Touch Me (Oh Yeah)
0%
#92Glee Cast ft. Kristin ChenowethDreams
0%
#3Lady GagaEdge of Glory
0%
#100Mana ft. Prince RoyceEl Verdadero Amor Perdona
0%
#32Bad Meets EvilFast Lane
0%
#56Glee CastFat Bottomed Girls
0%
#83Jason DeruloFight For You
0%
#34Glee CastFirework
0%
#69Demi LovatoFix a Heart
0%
#53Glee CastFix You
0%
#52Javier ColonFix You
0%
#97Wale ft. Kid CudiFocused
0%
#63Blake SheltonFootloose
0%
#58Glee CastFor Good
0%
#100YellowcardFor You, and Your Denial
0%
#60Mac MillerFrick Park Market
0%
#34Glee CastFriday
0%
#16Glee CastGet It Right
0%
#59Glee CastGirls Just Wanna Have Fun
0%
#79Garrett Hedlund & Leighton MeesterGive In To Me
0%
#91Roscoe DashGood Good Night
0%
#45Glee CastGo Your Own Way
0%
June#12Lady GagaHair
0%
#23Kanye West ft. Jay-ZH*A*M
0%
#62Taio Cruz ft. Flo RidaHangover
0%
#67DrakeHate Sleeping Alone
0%
#13DrakeHeadlines
0%
#55The Pistol AnniesHell on Heels
0%
#53Glee CastHell to the No
0%
#89Rise AgainstHelp is on the Way
0%
#98Big Sean ft. Wiz KhalifaHigh
0%
#86Glee CastHit Me With Your Best Shot / One Way or Another
0%
#18Jay Sean ft. Lil WayneHit the Lights
0%
#1 (1 Week)Britney SpearsHold It Against Me
0%
#13Blake SheltonHoney Bee
0%
#84Lil Wayne ft. T-PainHow To Hate
0%
#85B.o.B.I Am the Champion
0%
#82Jordin SparksI Am Woman
0%
#80Glee CastI Can't Go For That / You Make My Dreams
0%
#23Colbie CaillatI Do
0%
#22Glee CastI Feel Pretty / Unpretty
0%
#10Taylor SwiftIf This Was a Movie
0%
October#84Darius RuckerI Got Nothin'
0%
#66Glee CastI Kissed a Girl
0%
#93Kelly ClarksonI'll Be Home for Christmas
0%
#81Glee CastI Love New York / New York, New York
0%
#11Scotty McCreeryI Love You This Big
0%
#66T.I. ft. Big K.R.I.T.I'm Flexin'
0%
#72Glee CastI'm Not Gonna Teach Your Boyfriend To Dance With You
0%
#86Glee CastI'm The Only One
0%
#20Dia FramptonInventing Shadows
0%
#65Glee CastIsn't She Lovely
0%
#35Steven Tyler(It) Feels So Good
0%
#96Michael BubleIt's Beginning to Look a Lot Like Christmas
0%
#79Lil Wayne ft. Drake & JadakissIt's Good
0%
#65Glee CastIt's Not Unusual
0%
#57Blake Shelton & Dia FramptonI Won't Back Down
0%
#75Jana KramerI Won't Give Up
0%
#92Josh TurnerI Wouldn't Be a Man
0%
#69The Lonely Island ft. Michael BoltonJack Sparrow
0%
#49Glee CastJar of Hearts
0%
#76Vicci MartinezJolene
0%
#10Lady GagaJudas
0%
#7Lady AntebellumJust A Kiss
0%
#83Glee CastKiss
0%
#23Glee Cast ft. Gwyneth PaltrowLandslide
0%
#72Glee CastLast Friday Night
0%
#94Kaskade ft. Neon TreesLessons in Love
0%
#33Glee CastLight Up The World
0%
#20Lauren AlainaLike My Mother Does
0%
#70David Guetta ft. Taio Cruz & LudacrisLittle Bad Girl
0%
#95Ashton ShepherdLook It Up
0%
April#6Glee CastLoser Like Me
0%
#54Dia FramptonLosing My Religion
0%
#99EvanescenceLost in Paradise
0%
#20BeyonceLove on Top
0%
#89NickelbackLullaby
0%
#92ColdplayMajor Minus
0%
#45Adam Levine & Javier ColonMan in the Mirror
0%
#76Glee CastMan in the Mirror
0%
#100The Game ft. Lil Wayne & Tyler, The CreatorMartians vs. Goblins
0%
#52Lil WayneMegaMan
0%
#16Lil Wayne ft. Bruno MarsMirror
0%
#52Glee CastMisery
0%
#90ColdplayMoving to Mars
0%
#65Young The GiantMy Body
0%
#94Glee CastMy Man
0%
#81Glee CastNever Going Back Again
0%
#26Chris Brown ft. Justin BieberNext To You
0%
#90Lil WayneNightmares of the Bottom
0%
#81David Guetta ft. Jennifer HudsonNight of Your Life
0%
#6Wiz KhalifaNo Sleep
0%
#70Avenged SevenfoldNot Ready to Die
0%
#82Frank OceanNovacane
0%
#52Wiz Khalifa ft. Too $hortOn My Level
0%
#13Taylor SwiftOurs
0%
#8750 CentOutlaw
0%
#64Mac MillerParty on Fifth Ave.
0%
#73PitbullPause
0%
#57Glee CastPerfect
0%
#94Lil WaynePresident Carter
0%
#40Glee CastPretending
0%
#99XeniaPrice Tag
0%
#20Coldplay ft. RihannaPrincess of China
0%
#59Glee CastPure Imagination
0%
#58Glee CastP.Y.T. (Pretty Young Thing)
0%
#36Glee CastRaise Your Glass
0%
#62The Game ft. Lil WayneRed Nation
0%
#92Glee CastRed Solo Cup
0%
#74Reeve Carney ft. Bono & The EdgeRise Above 1
0%
#53Matt Nathanson ft. SugarlandRun
0%
#91Glee CastRun the World (Girls)
0%
#92Joe JonasSee No More
0%
#78Cage The ElephantShake Me Down
0%
#69Pitbull ft. T-Pain & Sean PaulShake Senora
0%
#99TrainShake Up Christmas
0%
#87Glee CastShe's Not There
0%
September#3Lil Wayne ft. DrakeShe Will
0%
#87Mat KearnyShips in the Night
0%
#100DrakeShot for Me
0%
#45Glee CastSilly Love Songs
0%
#10Demi LovatoSkyscraper
0%
#55Mac MillerSmile Back
0%
#97Jill Scott ft. Anthony HamiltonSo In Love
0%
#62Glee CastSomebody to Love
0%
#75Glee CastSomewhere
0%
#42Glee CastSomewhere Only We Know
0%
#68Glee CastSongbird
0%
#95Lil Wayne ft. John LegendSo Special
0%
February#94James BluntStay the Night
0%
#89Tyga ft. DrakeStill Got It
0%
#17Javier ColonStitch by Stitch
0%
#7B.o.B. ft. Lil WayneStrange Clouds
0%
#26Taylor SwiftSuperman
0%
#51Glee CastSurvivor / I Will Survive
0%
#48Bow Wow ft. Lil WayneSweat
0%
#97Don OmarTaboo
0%
#51Glee CastTake Me or Leave Me
0%
#31Rihanna ft. Jay-ZTalk that Talk
0%
#100Martina McBrideTeenage Daughters
0%
August#38Red Hot Chili PeppersThe Adventures of Rain Dance Maggie
0%
#89Panic! At The DiscoThe Ballad of Mona Lisa
0%
#92XeniaThe Man Who Can't Be Moved
0%
#66Wiz KhalifaThe Race
0%
#69Sara RamirezThe Story
0%
#65Javier ColonTime After Time
0%
#66Shania TwainToday is Your Day
0%
#77Gorilla Zoe ft. Lil JonTwisted
0%
#98Demi LovatoUnbroken
0%
#77Five Finger Death PunchUnder and Over It
0%
#68Glee CastUptown Girl
0%
#34Lady AntebellumWanted You More
0%
#12Glee CastWe Are Young
0%
#78T.I. ft. B.o.B.We Don't Get Down Like Y'all
0%
#83Glee CastWe Got the Beat
0%
#89Drake ft. BirdmanWe'll Be Fine
0%
#83Chris MedinaWhat Are Words
0%
#77Colbie CaillatWhat If
0%
#91Florence + The MachineWhat the Water Gave Me
0%
#68EvanescenceWhat You Want
0%
#47Glee CastWhen I Get You Alone
0%
#57Wiz KhalifaWhen I'm Gone
0%
#813 Doors DownWhen You're Young
0%
#44The ThroneWho Gon Stop Me
0%
#89Lupe Fiasco ft. Skylar GreyWords I Never Said
0%
#69Glee CastYou and I / You and I
0%
#67Glee CastYou Can't Stop the Beat
0%

Score Distribution

Percentile by Number Answered

Percent of People with Each Score

Your Score History

You have not taken this quiz